<?xml version="1.0" encoding="UTF-8"?>
<record
    xmlns:xsi="http://www.w3.org/2001/XMLSchema-instance"
    xsi:schemaLocation="http://www.loc.gov/MARC21/slim http://www.loc.gov/standards/marcxml/schema/MARC21slim.xsd"
    xmlns="http://www.loc.gov/MARC21/slim">

  <leader>00421nam a22001577a 4500</leader>
  <controlfield tag="008">200129b        xxu||||| |||| 00| 0 eng d</controlfield>
  <datafield tag="020" ind1=" " ind2=" ">
    <subfield code="a">9994698443</subfield>
  </datafield>
  <datafield tag="082" ind1=" " ind2=" ">
    <subfield code="a">823/E44a</subfield>
  </datafield>
  <datafield tag="100" ind1=" " ind2=" ">
    <subfield code="a">Edingo, Dilli bikram</subfield>
  </datafield>
  <datafield tag="245" ind1=" " ind2=" ">
    <subfield code="a">An angel in the wilderness: stories</subfield>
  </datafield>
  <datafield tag="260" ind1=" " ind2=" ">
    <subfield code="a">Lalitpur:</subfield>
    <subfield code="b">Gyanodaya college,</subfield>
    <subfield code="c">2006.</subfield>
  </datafield>
  <datafield tag="300" ind1=" " ind2=" ">
    <subfield code="a">80p.</subfield>
  </datafield>
  <datafield tag="650" ind1=" " ind2=" ">
    <subfield code="a">English literature</subfield>
  </datafield>
  <datafield tag="650" ind1=" " ind2=" ">
    <subfield code="a">English stories</subfield>
    <subfield code="9">208</subfield>
  </datafield>
  <datafield tag="942" ind1=" " ind2=" ">
    <subfield code="2">ddc</subfield>
    <subfield code="c">ISBN</subfield>
  </datafield>
  <datafield tag="999" ind1=" " ind2=" ">
    <subfield code="c">91584</subfield>
    <subfield code="d">91573</subfield>
  </datafield>
  <datafield tag="952" ind1=" " ind2=" ">
    <subfield code="0">0</subfield>
    <subfield code="1">0</subfield>
    <subfield code="2">ddc</subfield>
    <subfield code="4">0</subfield>
    <subfield code="7">0</subfield>
    <subfield code="a">TUCL</subfield>
    <subfield code="b">TUCL</subfield>
    <subfield code="d">2020-01-29</subfield>
    <subfield code="l">0</subfield>
    <subfield code="o">823/E44a</subfield>
    <subfield code="p">IS4762</subfield>
    <subfield code="r">2020-01-29 00:00:00</subfield>
    <subfield code="w">2020-01-29</subfield>
    <subfield code="y">ISBN</subfield>
  </datafield>
  <datafield tag="952" ind1=" " ind2=" ">
    <subfield code="0">0</subfield>
    <subfield code="1">0</subfield>
    <subfield code="2">ddc</subfield>
    <subfield code="4">0</subfield>
    <subfield code="7">0</subfield>
    <subfield code="a">TUCL</subfield>
    <subfield code="b">TUCL</subfield>
    <subfield code="c">NB</subfield>
    <subfield code="d">2022-08-05</subfield>
    <subfield code="l">1</subfield>
    <subfield code="o">823/E44a</subfield>
    <subfield code="p">G65738</subfield>
    <subfield code="r">2022-09-06 00:00:00</subfield>
    <subfield code="s">2022-08-05</subfield>
    <subfield code="w">2022-08-05</subfield>
    <subfield code="y">GEN</subfield>
  </datafield>
  <datafield tag="952" ind1=" " ind2=" ">
    <subfield code="0">0</subfield>
    <subfield code="1">0</subfield>
    <subfield code="2">ddc</subfield>
    <subfield code="4">0</subfield>
    <subfield code="7">0</subfield>
    <subfield code="a">TUCL</subfield>
    <subfield code="b">TUCL</subfield>
    <subfield code="c">NB</subfield>
    <subfield code="d">2025-05-25</subfield>
    <subfield code="l">0</subfield>
    <subfield code="o">823/E44a</subfield>
    <subfield code="p">G65137</subfield>
    <subfield code="r">2025-05-25 12:11:48</subfield>
    <subfield code="w">2025-05-25</subfield>
    <subfield code="y">ISBN</subfield>
  </datafield>
</record>
